000 00810nam a2200265 i 4500
001 000016027
003 DO-SdBNP
005 20230803103948.0
007 ta
008 100223s1969 dr 000 0 spa d
040 _aDO-SdBNP
_bspa
_cBNPHU
_erda
082 _axxx
_bR426l
_222
110 1 _aRepública Dominicana.
_bProcuraduria General de la República.
_932241
240 1 3 _a[Leyes, etc.]
245 1 0 _aLey de casación.
264 _aSanto Domingo :
_bJunta Central Electoral,
_c1969.
300 _a52 paginas. ;
_c21 cm.
336 _2rdacontent
_atexto
_btxt
337 _2rdamedia
_asin mediación
_bn
338 _2rdacarrier
_avolumen
_bnc
590 _aInventariado, 2023 / DG
650 4 _aRecurso de casación
_xLegislación
_zRepública Dominicana
_983870
910 _aDG
942 _2ddc
_cLBS1
999 _c15569
_d15569